[Event "Teplice Open 2018"]
[Site "Teplice"]
[Date "2018.06.21"]
[Round "6"]
[White "Movsziszian, Karen"]
[Black "Sylvan, Jacob"]
[Result "1-0"]
[WhiteElo "2527"]
[BlackElo "2326"]
[Annotator "TA"]
[PlyCount "51"]
[EventDate "2018.06.16"]
[EventType "swiss"]
[EventCountry "CZE"]
[SourceTitle "playchess.com"]
[Source "ChessBase"]
[SourceQuality "1"]

{[%evp 18,51,-11,-17,-2,-8,0,-23,1,16,56,67,150,139,131,113,150,152,216,146,272,272,404,401,385,382,369,385,469,409,492,489,492,490,482,475]} 1. g3 d5 2. Bg2 Nf6 3. d3 g6 4. f4 Bg7 5. Nf3 O-O 6. O-O c5 7. c3 Nc6 8. Na3 Rb8 9. Ne5 {A03: Bird's Opening with 1...d5} (9. Qe1 b5 10. Nc2 b4 11. Ne5 Nxe5 12. fxe5 Ng4 13. cxb4 cxb4 14. d4 Qb6 15. e3 Bf5 16. Qd1 Rbc8 {½-½ (37) Nakamura,H (2741)-Svidler,P (2722) Moscow 2010}) 9... Qc7 10. Qa4 {LiveBook: 3 Games} a6 11. Nxc6 {The position is equal.} bxc6 12. e4 Qb6 $146 ({Predecessor:} 12... Bd7 13. e5 Ng4 14. h3 Nh6 15. g4 f6 16. exf6 exf6 {0-1 (35) Ginderskov,H (2330)-Novikovas,A (2366) ICCF email 2008}) 13. e5 Ne8 14. Be3 Bf5 {[#]} (14... a5 $14) 15. b4 $1 $16 {[%mdl 512]} Bxd3 (15... cxb4 16. Bxb6) 16. Bxc5 Qc7 17. Rfd1 Bb5 (17... Bf5 $16) 18. Qb3 {Black must now prevent c4.} f6 (18... Be2 $16) 19. c4 $18 dxc4 (19... fxe5 $142 20. cxb5 axb5 21. fxe5 Bxe5) 20. Nxc4 Kh8 21. e6 Bxc4 22. Qxc4 f5 23. Rac1 Nf6 24. Qxa6 {White is clearly winning.} Rfc8 25. Bf2 {[%cal Rc1c6]} Rd8 26. Qxc6 {Precision: White = 79%, Black = 26%.} 1-0

[Event "Teplice Open 2018"]
[Site "Teplice"]
[Date "2018.06.21"]
[Round "6"]
[White "Jarmula, Lukasz"]
[Black "Toure, Vasanth"]
[Result "1-0"]
[WhiteElo "2499"]
[BlackElo "2027"]
[Annotator "TA"]
[PlyCount "55"]
[EventDate "2018.06.16"]
[EventType "swiss"]
[EventCountry "CZE"]
[SourceTitle "playchess.com"]
[Source "ChessBase"]
[SourceQuality "1"]

{[%evp 22,55,22,26,62,68,72,67,97,107,100,111,175,164,199,203,215,216,235,254,252,239,250,242,386,365,492,481,816,812,780,765,1043,1038,1014,994]} 1. e4 e5 2. Nf3 Nc6 3. Bb5 {[%cal Bf1b5,Bb5a4,Ba4b3,Bb3c4,Bc4d3,Bd3c2][%mdl 32]} a6 4. Ba4 Nf6 5. O-O Nxe4 6. d4 b5 7. Bb3 d5 8. dxe5 Be6 9. Qe2 Be7 10. Rd1 O-O 11. c4 bxc4 {[#]} 12. Bxc4 $1 {[%mdl 512] LiveBook: 176 Games} Na5 {C81: Open Ruy Lopez: Keres Variation (9 Qe2)} (12... dxc4 13. Rxd8) (12... Bc5 13. Be3 Bxe3 14. Qxe3 Qb8 15. Bb3 Na5 16. Nbd2 Qa7 17. Qxa7 Rxa7 18. Nxe4 Nxb3 19. axb3 dxe4 20. Nd4 c5 21. Nxe6 fxe6 22. Rd6 Rb7 23. Rxe6 Rxb3 24. Rexa6 Rxb2 25. e6 Rfxf2 26. e7 Rxg2+ 27. Kf1 Kf7 28. Re6 Rgf2+ 29. Kg1 Rg2+ 30. Kf1 Rgf2+ {½-½ (30) Sutovsky,E (2647)-Vidit,S (2707) Poikovsky 2018}) 13. Bd3 Nc5 14. Bc2 {Strongly threatening b4.} Nc6 {White is slightly better.} 15. Nc3 Nb4 16. Bb1 a5 {[#]} (16... Qd7 $16 {was called for.}) 17. Nd4 $1 $40 {[%mdl 128] And now a3 would win. Black is in trouble.} Qe8 $146 ({Predecessor:} 17... Qd7 18. h3 c6 19. f4 f5 20. Be3 {1-0 (106) Schulz,W-Boutko,D (2140) Cologne 1998}) 18. f4 f5 19. a3 Nc6 {Threatens to win with ...Nxd4.} 20. Nxe6 Nxe6 21. Nxd5 {[%cal Bc3d5,Bd5e3,Be3g2][%mdl 32]} Bc5+ {[#]} 22. Be3 $1 {[%cal Re3c5]} Ncd4 (22... Bxe3+ {was necessary.} 23. Qxe3 Kh8) 23. Qc4 Qh5 24. Ba2 {White is clearly winning.} ({Weaker is} 24. Rxd4 Bxd4 25. Bxf5 Bxe3+ 26. Nxe3 Rxf5 $16) 24... Nf3+ (24... Kh8 $142 25. Bxd4 Bxd4+ 26. Rxd4 Nxd4 27. Qxd4 c6) 25. gxf3 Bxe3+ 26. Nxe3 Qxf3 27. Qxe6+ Kh8 28. Ng2 {Precision: White = 100%, Black = 40%.} 1-0

[Event "Teplice Open 2018"]
[Site "Teplice"]
[Date "2018.06.21"]
[Round "6"]
[White "Grinberg, Eyal"]
[Black "Peralta, Fernando"]
[Result "1/2-1/2"]
[WhiteElo "2472"]
[BlackElo "2567"]
[Annotator "TA"]
[PlyCount "71"]
[EventDate "2018.06.16"]
[EventType "swiss"]
[EventCountry "CZE"]
[SourceTitle "playchess.com"]
[Source "ChessBase"]
[SourceQuality "1"]

{[%evp 23,71,0,0,-7,0,-16,-16,-16,-16,-16,-16,-6,-3,-5,0,-43,-12,-18,-24,-20,-4,-24,-19,-19,-19,-19,-19,-11,-19,-20,-20,-15,-8,-24,-2,0,-5,-13,0,0,3,0,0,0,0,0,56,23,67,-391]} 1. e4 e6 2. d4 d5 3. Nd2 c5 4. exd5 Qxd5 5. Ngf3 cxd4 6. Bc4 Qd8 7. O-O Nc6 8. Nb3 a6 {C07: French Tarrasch: 3...c5, 4 Ngf3 and 4 exd5 Qxd5} 9. Nbxd4 Nxd4 10. Nxd4 Qc7 11. Qe2 Bd6 12. h3 Ne7 {LiveBook: 17 Games} 13. Bd3 $146 ({Predecessor:} 13. Re1 O-O 14. Nf3 {0-1 (50) Horvath,A (2469)-Nisipeanu,L (2686) Zalakaros 2017}) 13... O-O 14. Nf3 (14. Rd1 {keeps more tension.} Rd8 15. c3 e5 16. Nf3 h6 17. Nd2) 14... b5 15. Re1 Bb7 16. Bd2 Rad8 17. a4 b4 18. a5 Ng6 19. Be4 Rc8 20. Bxb7 Qxb7 21. Qe4 Rb8 22. c3 bxc3 23. Bxc3 {[#] Hoping for Qd4.} Qxe4 24. Rxe4 Ne7 25. Ne5 {Nd7 is the strong threat.} Rb5 26. Nd7 Rd8 27. Nb6 Bc5 28. Rg4 e5 29. Rc4 f6 30. Kf1 Nf5 31. Na4 Bd4 32. Rc6 Bxc3 33. Nxc3 Rxb2 {[#] White must now prevent ...Rc2.} 34. Rxa6 Rc8 (34... Rc2 $11 35. Nd1 Rcd2) 35. Nd1 Rbc2 36. Kg1 $2 {[%mdl 40960] Precision: White = 56%, Black = 57%. . An unexpected result.} (36. Rb6 $14 {keeps the upper hand.}) 1/2-1/2

[Event "Teplice Open 2018"]
[Site "Teplice"]
[Date "2018.06.21"]
[Round "6"]
[White "Admiraal, Miguoel"]
[Black "Dastan, Batuhan Muhammed"]
[Result "1/2-1/2"]
[WhiteElo "2465"]
[BlackElo "2538"]
[Annotator "TA"]
[PlyCount "72"]
[EventDate "2018.06.16"]
[EventType "swiss"]
[EventCountry "CZE"]
[SourceTitle "playchess.com"]
[Source "ChessBase"]
[SourceQuality "1"]

{[%evp 19,72,16,21,31,30,30,71,52,71,32,53,35,75,52,78,13,18,35,8,-9,55,0,28,31,41,25,33,31,34,17,74,31,68,65,67,54,48,29,39,1,12,8,3,0,0,0,3,0,0,0,6,0,0,0,2]} 1. e4 {[%cal Be2e4,Be4e5][%mdl 32]} c5 2. Nf3 Nf6 3. e5 Nd5 4. g3 d6 5. Bg2 Nc6 6. exd6 {B29: Sicilian: 2 Nf3 Nf6 (Nimzowitsch Variation)} e6 (6... Bg4 7. h3 Bxf3 8. Bxf3 Qxd6 9. Nc3 e6 10. Nxd5 exd5 11. O-O Be7 12. d3 O-O 13. c3 {1-0 (35) Rublevsky,S (2702)-Lintchevski,D (2579) St Petersburg 2015}) 7. d4 Bxd6 8. dxc5 Bxc5 9. O-O O-O 10. Qe2 Qe7 {LiveBook: 3 Games} 11. Rd1 $146 ({Predecessor:} 11. Nbd2 Nf6 12. Nb3 Bb6 13. Ne5 Nxe5 14. Qxe5 Ng4 15. Qe2 {1-0 (62) Baklan,V (2594)-Stephan,V (2365) Chartres 2017}) 11... f6 12. c3 Rd8 13. b4 Bd6 $1 14. a3 Qf7 15. c4 Nc7 16. Nc3 e5 17. Ne4 (17. b5 $16 Na5 18. Ne4 (18. c5 Be7 $11)) 17... Bf8 18. Rxd8 Nxd8 19. Bb2 Be6 (19... a5 $11) 20. c5 ({White should play} 20. Nfd2 $14) 20... Nc6 21. Rd1 Rd8 22. Rxd8 Nxd8 23. Nfd2 Qd7 24. Nc4 Nb5 (24... Nc6 $11 {remains equal.}) 25. Qd2 (25. f4 {looks sharper.} exf4 26. Bxf6 fxg3 27. hxg3 Nf7 28. Bb2) 25... h6 26. Qxd7 Bxd7 27. Ned2 Bc6 28. Nb3 (28. f4 {with more complications.} exf4 29. gxf4 f5 30. Be5 a6 31. Nf3) 28... Kf7 29. Bxc6 (29. f3 {feels hotter.} Nc7 30. Kf2 Bd5 31. Nbd2 Nc6 32. Bf1) 29... Nxc6 {The position is equal.} 30. Nba5 Nd8 $1 31. Kf1 Ke6 32. Ke2 Nc7 33. Kd3 Nd5 34. Ne3 f5 35. Nac4 e4+ 36. Ke2 Nc6 {Precision: White = 46%, Black = 54%.} 1/2-1/2

[Event "Teplice Open 2018"]
[Site "Teplice"]
[Date "2018.06.21"]
[Round "6"]
[White "Satyapragyan, Swayangsu"]
[Black "Krysa, Leandro Sergio"]
[Result "1/2-1/2"]
[WhiteElo "2395"]
[BlackElo "2529"]
[Annotator "TA"]
[PlyCount "74"]
[EventDate "2018.06.16"]
[EventType "swiss"]
[EventCountry "CZE"]
[SourceTitle "playchess.com"]
[Source "ChessBase"]
[SourceQuality "1"]

{[%evp 22,74,39,20,80,90,120,112,134,136,141,107,101,24,30,28,59,63,47,43,37,34,90,83,85,87,93,95,95,94,80,77,86,78,284,291,272,11,11,11,53,40,50,11,73,11,11,11,11,11,11,11,11,11,11]} 1. e4 e5 2. Nf3 Nc6 3. Bb5 a6 4. Ba4 d6 5. O-O Bg4 6. h3 h5 7. Bxc6+ bxc6 8. d4 {C72: Ruy Lopez: Deferred Steinitz: 5 0-0} Bxf3 9. Qxf3 exd4 10. Rd1 Qf6 11. Qb3 Ne7 12. c3 {LiveBook: 6 Games} dxc3 $146 (12... g5 $11) ({Predecessor:} 12... Qe6 13. cxd4 Qxb3 14. axb3 g6 15. Be3 Bg7 16. Ra4 Kd7 17. Nd2 Rhe8 18. f3 {½-½ (18) Khalifman,A (2678)-Sermek,D (2568) Plovdiv 2003}) 13. Nxc3 $16 g5 14. Qa4 {[#] Nd5 is the strong threat.} Rc8 15. Nd5 ({Don't play} 15. Qxa6 $6 g4 $14) 15... Qg6 16. Be3 Bg7 17. Nxe7 (17. Rac1 $16) 17... Kxe7 $11 18. Qxc6 {Strongly threatening Qb7.} Rhe8 19. Bd4 Kf8 20. Bxg7+ Kxg7 21. Rd5 g4 {[#]} (21... Rxe4 $14 22. Rxg5 Qxg5 23. Qxe4 Qe5) 22. Qc3+ $1 $16 f6 23. Re1 Re6 24. Re3 c6 25. Rd4 c5 26. Ra4 Rce8 {[%cal Re6e4]} 27. Qd3 f5 $2 (27... R8e7 $16 {was worth a try.}) 28. exf5 $18 Rxe3 29. Qxe3 $2 (29. fxg6 $2 {loses.} Rxd3 30. hxg4 hxg4 $19) (29. fxe3 $18 Qh6 30. hxg4 (30. Rxa6 gxh3 31. Qc3+ Kf7 $16)) 29... Rxe3 $11 30. fxg6 $18 {[%mdl 4096] Endgame KR-KR} Re2 31. hxg4 hxg4 32. Rxa6 (32. b3 {seems wilder.} a5 33. Rxa5 Kxg6 34. Ra6 Rd2 35. Kf1) 32... d5 (32... Rxb2 $11 {remains equal.} 33. Rxd6 Rxa2) 33. Rd6 ({White should play} 33. b3 $16) 33... Rxb2 $11 {The position is equal.} 34. Rxd5 Kxg6 35. Rxc5 {Hoping for a4.} Rxa2 36. g3 Ra1+ 37. Kg2 Rb1 {Precision: White = 66%, Black = 45%.} 1/2-1/2

[Event "Teplice Open 2018"]
[Site "Teplice"]
[Date "2018.06.21"]
[Round "6"]
[White "Colijn, Stefan"]
[Black "Fridman, Daniel"]
[Result "1/2-1/2"]
[WhiteElo "2343"]
[BlackElo "2610"]
[Annotator "TA"]
[PlyCount "101"]
[EventDate "2018.06.16"]
[EventType "swiss"]
[EventCountry "CZE"]
[SourceTitle "playchess.com"]
[Source "ChessBase"]
[SourceQuality "1"]

{[%evp 11,101,14,16,0,0,0,0,0,4,0,15,3,0,0,12,-13,0,1,7,0,14,0,0,0,15,15,15,8,12,7,14,22,27,-21,-18,-18,-18,-20,-18,-20,-16,-21,0,0,0,0,0,0,0,0,0,-16,0,0,0,0,0,-3,-7,-11,-18,-9,-4,-10,-8,-8,-8,-18,-9,-15,0,0,0,0,0,0,0,0,0,0,0,0,0,0,0,0,0,0,0,0,0,0]} 1. c4 e6 2. Nc3 d5 3. d4 Nf6 4. cxd5 exd5 5. Bg5 c6 6. e3 h6 {LiveBook: 131 Games. D35: Queen's Gambit Declined: Exchange Variation} (6... Bd6 7. Bd3 O-O 8. Nge2 Re8 9. Qc2 h6 10. Bh4 Nbd7 11. g4 Nf8 12. h3 b5 13. Rg1 Ne6 14. f4 Bxf4 15. Bh7+ Kh8 16. exf4 Nxd4 17. Qd3 Nxe2 18. Nxe2 Qa5+ {0-1 (45) Mamedyarov,S (2809)-Kramnik,V (2800) Moscow 2018}) 7. Bf4 Bf5 8. Bd3 Bxd3 9. Qxd3 Nbd7 $146 ({Predecessor:} 9... Bd6 10. Nge2 O-O 11. O-O Re8 12. Rfe1 Bxf4 13. Nxf4 Nbd7 14. Rad1 {½-½ (27) Silva,R (2373)-Arreaga Orozco,A (2328) ICCF email 2011}) 10. Nge2 Be7 11. Bg3 O-O 12. O-O Re8 13. Rad1 Bf8 14. f3 b5 15. Bf2 Nb6 16. b3 b4 17. Nb1 $1 a5 18. Rc1 Rc8 19. Rc2 Nbd7 20. Rfc1 Qb6 21. Nd2 c5 22. e4 dxe4 {The position is equal.} 23. Nxe4 Nxe4 24. fxe4 Qb7 25. dxc5 {[#] Threatens to win with c6.} Ne5 26. c6 Nxd3 27. cxb7 Rb8 28. Rd1 Nxf2 29. Kxf2 {[#] Black must now prevent Rd7.} Rxb7 30. Rc4 Rbe7 31. Kf3 Re6 32. Rd5 a4 33. Nf4 Rf6 {And now ...g5 would win.} 34. Ke3 Ra6 35. Nd3 axb3 36. axb3 Rb8 37. Rdd4 Ra2 38. Kf3 Ra3 39. Nxb4 Kh7 40. e5 Bxb4 41. Rxb4 Rxb3+ 42. Rxb3 Rxb3+ $11 {[%mdl 4096] Endgame KR-KR} 43. Kf2 h5 44. e6 Rb2+ 45. Kf3 fxe6 46. Rd6 e5 47. Rd5 e4+ 48. Kxe4 Rxg2 49. Rxh5+ Kg6 50. Rh3 Rf2 51. Rg3+ {Precision: White = 69%, Black = 64%.} 1/2-1/2

[Event "Teplice Open 2018"]
[Site "Teplice"]
[Date "2018.06.21"]
[Round "6"]
[White "Rubes, Jan"]
[Black "Thybo,, Jesper Sondergaard"]
[Result "0-1"]
[WhiteElo "2335"]
[BlackElo "2502"]
[Annotator "TA"]
[PlyCount "58"]
[EventDate "2018.06.16"]
[EventType "swiss"]
[EventCountry "CZE"]
[SourceTitle "playchess.com"]
[Source "ChessBase"]
[SourceQuality "1"]

{[%evp 26,58,4,15,50,-26,-37,-38,-51,-105,-121,-116,-120,-217,-165,-176,-166,-210,-214,-214,-210,-345,-346,-344,-335,-382,-341,-360,-334,-328,-295,-350,-325,-446,-439]} 1. e4 c5 2. Nf3 d6 3. d4 cxd4 4. Nxd4 Nf6 5. Nc3 Nc6 6. Be2 g6 7. O-O Bg7 8. Nb3 O-O 9. Re1 Be6 10. Bf1 a5 11. a4 Rc8 12. Nd5 {B70: Sizilianisch (Drachen-Variante)} (12. Bg5 h6 13. Bh4 Nb4 14. Rc1 Qb6 15. Nd4 Bc4 16. Ndb5 Bxf1 17. Kxf1 Qc5 18. Kg1 Rfe8 19. b3 Nd7 {1-0 (28) Harikrishna,P (2737)-Arnaudov,P (2480) Skopje 2015}) 12... Bxd5 13. exd5 Nb4 14. c4 {LiveBook: 30 Partien. Die Stellung ist ausgeglichen.} Re8 15. Nd4 {[#]} ({Besser ist} 15. Bd2 $14) 15... Nfxd5 $146 {[%mdl 512]} ({Vorgänger:} 15... Nd7 16. Be3 Nc5 17. Rb1 Qd7 18. b3 h5 19. h3 Be5 {0-1 (56) Zahariev,Z (2387)-Kofidis,A (2407) Peristeri 2010}) 16. cxd5 {zielt auf b3 ab.} Bxd4 $1 17. Qxd4 (17. Re4 $15 Nc2 18. Rb1) 17... Nc2 $1 $17 {[%csl LRa1,LRd4,LRe1]} 18. Qe4 {Lg5 ist eine echte Drohung.} Nxa1 19. Bb5 (19. Bg5 $17 Nc2 20. Rc1) 19... Nc2 $19 {[%cal Ba1c2,Bc2d4,Bd4f3][%mdl 32]} 20. Rd1 {[#]} e5 $1 21. dxe6 Rxe6 22. Qxb7 {[#]} Nd4 $1 {[%mdl 512]} 23. Bg5 {[#]} (23. Qd5 {ist eine bessere Verteidigung.} Nxb5 24. Qxb5) (23. Rxd4 Re1+) 23... Nf3+ $1 {[%mdl 512]} 24. Qxf3 Qxg5 25. g3 Rc1 26. Kg2 Rxd1 27. Qxd1 Qc5 28. h4 Re5 29. Qg4 Qd5+ {Precision: Weiß = 16%, Schwarz = 83%.} 0-1

[Event "Teplice Open 2018"]
[Site "Teplice"]
[Date "2018.06.22"]
[Round "7"]
[White "Romanov, Evgeny"]
[Black "Jarmula, Lukasz"]
[Result "1-0"]
[WhiteElo "2628"]
[BlackElo "2499"]
[Annotator "TA"]
[PlyCount "59"]
[EventDate "2018.06.22"]
[EventType "swiss"]
[EventCountry "CZE"]
[SourceTitle "playchess.com"]
[Source "ChessBase"]
[SourceQuality "1"]

{[%evp 22,59,2,0,0,0,0,0,0,0,54,42,77,79,100,129,269,266,272,265,301,291,352,349,361,294,355,361,393,403,472,447,472,474,462,446,442,425,579,588]} 1. c4 e5 2. Nc3 Nf6 3. Nf3 Nc6 4. g3 d5 5. cxd5 Nxd5 6. Bg2 Nb6 7. Rb1 a5 8. O-O Be7 9. d3 O-O 10. Be3 Be6 11. a3 f5 {A29: English Opening: Four Knights Variation with 4 g3} (11... Nd5 12. Nxd5 Bxd5 13. Rc1 a4 14. Qc2 Re8 15. Rfe1 f5 16. Bc5 Bf6 17. e4 fxe4 18. dxe4 Bb3 19. Qc3 Qd7 20. Bf1 Red8 21. Bc4+ Bxc4 22. Qxc4+ {1-0 (82) Karjakin,S (2781)-Vachier Lagrave,M (2796) Paris 2017}) 12. Rc1 {LiveBook: 24 Games} a4 13. Bxb6 cxb6 {The position is equal.} 14. Nxa4 e4 15. Ne1 Nd4 $146 (15... Bg5 $11 16. Ra1 Nd4) ({Predecessor:} 15... Bg5 16. Ra1 Nd4 17. Nc3 Bb3 18. Qb1 e3 19. f4 {½-½ (31) Zhak,B (2556)-Goncharenko,G (2491) ICCF email 2009}) 16. Nc3 $14 Bb3 {[#]} 17. Qd2 $1 Bg5 18. e3 Re8 (18... Nc6 $16) 19. h4 $18 (19. dxe4 Bc4 $18) 19... Bh6 20. dxe4 Bc4 21. Rd1 Bxf1 22. Kxf1 (22. Bxf1 Nc6 $18) 22... Nc6 23. Qc2 ({Much less strong is} 23. exf5 Qxd2 24. Rxd2 Rad8 $18) 23... Qf6 24. Nd5 ({Don't do} 24. exf5 Kh8 $18) 24... Qf7 25. exf5 Rad8 26. g4 {[%cal Bg3g4,Bg4g5][%mdl 32] White is clearly winning.} g5 27. hxg5 Bxg5 28. f4 Bh4 29. g5 Bxe1 30. Nf6+ {Precision: White = 89%, Black = 33%.} ({Less strong is} 30. Rxe1 Rxd5 31. Bxd5 Qxd5 $14) 1-0

[Event "Teplice Open 2018"]
[Site "Teplice"]
[Date "2018.06.22"]
[Round "7"]
[White "Fridman, Daniel"]
[Black "Satyapragyan, Swayangsu"]
[Result "0-1"]
[WhiteElo "2610"]
[BlackElo "2395"]
[Annotator "TA"]
[PlyCount "74"]
[EventDate "2018.06.22"]
[EventType "swiss"]
[EventCountry "CZE"]
[SourceTitle "playchess.com"]
[Source "ChessBase"]
[SourceQuality "1"]

{[%evp 14,74,2,0,12,-25,-24,-33,2,-3,10,0,0,-11,-14,-20,-22,-29,-35,-27,-14,-23,-20,-128,-121,-128,-142,-129,-120,-114,-101,-120,-111,-169,-132,-176,-172,-226,-220,-580,-576,-571,-576,-549,-552,-511,-333,-312,-239,-332,-321,-279,-245,-414,-422,-408,-422,-402,-385,-626,-625,-600,-595]} 1. c4 e6 2. Nc3 Bb4 3. Nf3 Nf6 4. g4 h6 5. Rg1 (5. Qc2 Nc6 6. d4 d5 7. g5 hxg5 8. Bxg5 dxc4 9. e4 b5 10. d5 exd5 11. O-O-O Ne7 12. Nxd5 Nfxd5 13. Rxd5 {½-½ (46) Piorun,K (2659)-Yuffa,D (2521) Moscow 2018}) 5... b6 6. h4 {[%cal Bh2h4,Bh4g5][%mdl 32] A17: Englische Eröffnung} Bb7 7. g5 hxg5 8. hxg5 {LiveBook: 11 Partien. Die Stellung ist ausgeglichen.} Ng8 {[%cal Bf6g8,Bg8e7,Be7f5,Bf5d4][%mdl 32]} 9. Qb3 $146 ({Vorgänger:} 9. Bg2 Ne7 10. Qb3 c5 11. a3 Ba5 12. e3 Nbc6 {1-0 (42) Halkias,S (2521)-Sprenger,J (2431) Moscow 2003}) 9... Bxf3 10. Qxb4 Bb7 (10... Nc6 {keeps more tension.} 11. Qb3 Nd4 12. Qd1 Bb7 13. Nb5 Nf5) 11. Nb5 Ne7 12. Qc3 a6 {[%cal Ba7a6,Ba6a5,Ba5a4][%mdl 32]} 13. Nd4 (13. Qxg7 Rg8 $17) 13... c5 14. Nb3 a5 15. d4 ({Vergiftet wäre} 15. Qxg7 $2 Rg8 $17) 15... a4 $36 {[%mdl 2048] Weiss steht unter Druck.} 16. Nd2 Nf5 17. d5 Qe7 18. dxe6 (18. Bg2 $11 {bleibt in der Remisbreite.}) 18... dxe6 $17 ({Viel schlechter ist} 18... Qxe6 $6 19. Bh3 $15) ({Viel schwächer ist} 18... fxe6 19. Nf3 $15) 19. Nf3 Nc6 20. Bf4 O-O-O 21. Ne5 Nfd4 {[#] ...Sb4 ist eine echte Drohung.} 22. Nxc6 Bxc6 23. O-O-O (23. Be5 $17) 23... e5 $19 24. Bd2 Kb7 25. Re1 (25. Be1 $142) 25... Qe6 26. Bg2 $2 (26. e4) 26... Bxg2 27. Rxg2 {[#]} Rh1 $1 {[%mdl 512]} 28. Kd1 (28. Rxh1 Nxe2+) 28... Rxe1+ 29. Kxe1 Qf5 {Droht ...Db1+ und aus.} 30. f3 Rh8 31. Kf2 e4 32. Qe3 Re8 33. Rg4 $2 (33. g6 {kämpft weiter.} exf3 34. Qxe8 fxg2+ 35. Kxg2 Qxg6+ 36. Kf2) 33... Nc2 34. Qf4 e3+ $1 35. Bxe3 Nxe3 36. Rh4 $2 (36. Qxf5 Nxf5 37. Rf4) 36... Qxf4 37. Rxf4 Re7 {Precision: Weiß = 51%, Schwarz = 96%.} 0-1

[Event "Teplice Open 2018"]
[Site "Teplice"]
[Date "2018.06.22"]
[Round "7"]
[White "Postny, Evgeny"]
[Black "Vorobiov, Evgeny E"]
[Result "1/2-1/2"]
[WhiteElo "2576"]
[BlackElo "2553"]
[Annotator "TA"]
[PlyCount "73"]
[EventDate "2018.06.22"]
[EventType "swiss"]
[EventCountry "CZE"]
[SourceTitle "playchess.com"]
[Source "ChessBase"]
[SourceQuality "1"]

{[%evp 11,73,35,35,35,36,36,42,18,19,15,13,6,12,0,5,7,1,2,28,21,33,0,15,-21,-5,-15,6,6,6,6,9,4,1,1,6,6,6,0,0,0,0,0,0,0,0,0,0,0,0,0,0,0,0,0,0,0,0,0,0,0,0,0,0,-553]} 1. d4 Nf6 2. c4 e6 3. g3 Bb4+ 4. Bd2 a5 5. Nf3 c5 6. Bg2 {E11: Bogo-Indian} Nc6 {LiveBook: 10 Games} (6... cxd4 7. Nxd4 Nc6 8. Bc3 O-O 9. O-O d5 10. cxd5 exd5 11. Bxb4 axb4 12. Nb3 Re8 13. N1d2 Bg4 14. Nf3 Qb6 15. Nfd4 Ne5 {½-½ (15) Wojtaszek,R (2736)-Hracek,Z (2592) Katowice 2017}) 7. a3 Bxd2+ 8. Qxd2 {White is slightly better.} Qb6 {[%cal Rc5d4]} 9. e3 cxd4 $146 ({Predecessor:} 9... a4 10. Nc3 Qb3 11. Rc1 Na5 12. Nb5 O-O 13. Qe2 {1-0 (32) De la Fuente Mayan,A-Bevia Martinez,L (2290) Alicante 1989}) 10. exd4 d5 11. cxd5 Nxd5 12. Nc3 O-O 13. Nxd5 exd5 14. O-O Re8 15. Rfe1 {[%cal Re1e8] [#]} Bf5 16. Rxe8+ Rxe8 {The position is equal.} 17. Re1 (17. Rc1 {looks sharper.} Qd8 18. Rc5 Qe7 19. h4 Be4 20. Qc3) 17... Rxe1+ 18. Nxe1 Qxd4 (18... Be6 {seems wilder.} 19. Nf3 f6 20. h4 Kf7 21. Kh2 h6) 19. Qxd4 Nxd4 20. Bxd5 $11 {[%mdl 4096] Endgame KBN-KBN} b6 21. f4 Kf8 22. Kf2 Ke7 23. Ke3 Ne6 24. Bxe6 Bxe6 {KB-KN} 25. Kd4 Kd6 26. Nc2 f6 27. Ne3 Kc6 28. h4 h5 29. Nd1 Kd6 30. Nc3 Kc6 31. Ne4 Bf5 32. Nd2 Be6 33. Nf1 Kb5 34. Ne3 Ka4 {[#] Strongly threatening ...Kb3.} 35. Kc3 Kb5 36. Kd4 Ka4 {And now ...Kb3 would win.} 37. Ke4 $2 {[%mdl 40960] Precision: White = 72%, Black = 67%. . An unexpected result.} (37. Kc3 $11) 1/2-1/2

[Event "Teplice Open 2018"]
[Site "Teplice"]
[Date "2018.06.22"]
[Round "7"]
[White "Stocek, Jiri"]
[Black "Movsesian, Sergei"]
[Result "1/2-1/2"]
[WhiteElo "2570"]
[BlackElo "2633"]
[Annotator "TA"]
[PlyCount "55"]
[EventDate "2018.06.22"]
[EventType "swiss"]
[EventCountry "CZE"]
[SourceTitle "playchess.com"]
[Source "ChessBase"]
[SourceQuality "1"]

{[%evp 14,55,0,0,0,0,0,4,0,0,0,0,0,0,0,-13,0,0,0,-22,14,0,40,0,0,0,22,0,12,-7,8,0,0,-7,0,0,0,-7,0,0,0,-12,0,0]} 1. c4 e5 2. Nc3 Nf6 3. Nf3 Nc6 4. e3 Bb4 5. Qc2 d6 6. d3 {A28: Englische Eröffnung (Vierspringer-Variante)} (6. a3 Bxc3 7. Qxc3 Bg4 8. b4 O-O 9. Bb2 Re8 10. h3 Bxf3 11. gxf3 d5 12. O-O-O d4 13. Qc2 Qd7 {1-0 (37) Duda,J (2724)-Eljanov,P (2702) Brest 2018}) 6... O-O 7. a3 Bxc3+ 8. Qxc3 {LiveBook: 3 Partien} Bg4 9. Be2 e4 10. dxe4 Nxe4 11. Qc2 Re8 12. b4 {[%cal Bb2b4,Bb4b5][%mdl 32]} a5 $146 ({Vorgänger:} 12... Qe7 13. Bb2 a6 {½-½ (42) Comabella,L-Mihai,E (2004) ICCF email 2007}) 13. b5 Ne5 {und nun wäre ...Df6 stark für Schwarz.} 14. Bb2 {[#] Schwarz muss nun Sxe5 beachten.} Nd7 15. Nd4 Bxe2 16. Qxe2 Ndc5 17. Rc1 Ne6 18. O-O Nxd4 {Die Stellung ist ausgeglichen.} 19. Bxd4 b6 20. Rfd1 Qe7 21. Qg4 {[%csl Gd4][%cal Rg4g7] [#]} Ng5 22. Bb2 f6 23. h3 Ne4 {[%cal Bg5e4,Be4c5,Bc5e6][%mdl 32]} 24. Qf5 Nc5 25. Bd4 Ne6 26. Bb2 Nc5 27. Bd4 Ne6 28. Bb2 {Precision: Weiß = 62%, Schwarz = 23%.} 1/2-1/2